000 01052ngm a22003730a 4500
001 PT18814
003 AR-LpoUNG
005 20210201232244.0
007 co ||u|||uuuuu
008 191001s2003||||ag |||||||||||||||||spa d
040 _aAR-LpoUNG
_bspa
_cAR-LpoUNG
_eaacr
041 _aspa
044 _aag
082 0 _a300 583v1
245 1 0 _aCiencias sociales en América Latina y el Caribe :
_b2000 - 2001
250 _a1ª edición
260 _aBuenos Aires :
_bCLACSO,
_c[2003].
300 _atbls., gráfs.
520 _aPublicaciones del Consejo Latinoamericano de Ciencias Sociales, 20 libros en texto completo.
650 4 _aASPECTOS POLITICOS
650 4 _aDEMOCRACIA
650 4 _aDESIGUALDAD SOCIAL
650 4 _aEDUCACION
650 4 _aINFANCIA
650 4 _aMERCADO
650 4 _aPOBREZA
650 4 _aSOCIEDAD
650 4 _aTRABAJO
650 4 _aVALORES SOCIALES
651 4 _aAmérica Latina
710 2 _aConsejo Latinoamericano de Ciencias Sociales (Buenos Aires)
905 _a18814
942 _cCDDVD
999 _c53119
_d53119